000 00533nam a2200193 a 4500
001 1773220478630
003 YourLibrary
005 20260311144732.0
008 260311s2001##################000#0#eng##
020 _a9783631380642
082 0 4 _a338.968
_bGRO
100 1 _aGronski, Ortrun Anne,
_eauthor.
245 1 0 _aStock Markets and Economic Growth :
260 _bPeter Lang Pub Incorporated,
_c2001.
300 _a195 pages
650 0 _aBusiness & Economics.
942 _cENGLISH
040 _aYourLibrary
_beng
_cYourLibrary
999 _c617583
_d617583